[Event "Interzonal-15"]
[Site "Manila"]
[Date "1990.??.??"]
[Round "4"]
[White "Ye, Rongguang"]
[Black "Afifi, Assem"]
[Result "1-0"]
[WhiteElo "2525"]
[BlackElo "2400"]
[Annotator "Ribli,Z"]
[PlyCount "93"]
[EventDate "1990.06.29"]
[EventType "swiss"]
[EventRounds "13"]
[EventCountry "PHI"]
[SourceTitle "CBM 019"]
[Source "ChessBase"]
[SourceDate "1990.12.01"]
[SourceVersion "1"]
[SourceVersionDate "1990.12.01"]
[SourceQuality "1"]

1. c4 g6 2. Nc3 f5 3. g3 Nf6 4. Bg2 Bg7 5. Nf3 O-O 6. O-O d6 7. Rb1 e5 8. d3
Nc6 (8... a5 9. a3 Nc6 10. b4 axb4 11. axb4 h6 12. b5 Ne7 13. Bb2 (13. c5 Be6
14. Bd2 Nd7 (14... b6 $1 15. cxb6 cxb6 $10) 15. cxd6 cxd6 16. Na4 b6 17. Bb4 $1
{Akopian-Anand Beograd 1988 46/25}) 13... g5 $6 (13... Be6 14. Ra1 Rc8 15. Ra7
b6 16. Na2 g5 17. Nb4 f4 $13 {Vaganian-Haritonov URS ch 1988 46/(24)}) 14. Ra1
Rb8 15. Ra7 $2 (15. c5 $1 $14) 15... g4 16. Nd2 h5 17. Qa1 h4 $13 {Karlsson,
L-Hansen,C Esbjerg 1988 46/24}) 9. b4 h6 10. b5 Ne7 11. a4 {-> A 26} g5 12. Ba3
$5 (12. Qc2 f4 13. Ba3 Nf5 14. a5 Qe8 15. c5 $14 {Liebert-Knaak Zinnowitz 1971}
) 12... Rf7 13. a5 Ng6 14. Qb3 Bf8 15. Rfd1 Rb8 16. d4 $1 e4 17. Ne5 $1 Rg7 18.
c5+ Kh7 19. b6 axb6 20. axb6 c6 21. cxd6 Ra8 (21... Bxd6 22. Nf7) 22. Bc5 $1
Qe8 (22... Bxd6 23. Nf7) 23. Nxg6 Qxg6 24. Ra1 Rb8 25. Ra7 Bd7 26. Qa3 Rg8 27.
Ra1 Qe8 28. Nd1 Qe6 29. Ra5 Kh8 30. Nb2 f4 31. Qa2 Nd5 32. Qb3 e3 33. fxe3 fxg3
34. hxg3 Bxd6 35. e4 Bxc5 36. Rxc5 Nf4 37. Qxe6 Nxe6 38. Rc4 Ra8 39. Rxa8 Rxa8
40. d5 Nd8 41. Nd3 Bg4 42. Rc2 Ra1+ 43. Kf2 Rb1 44. Ne5 Bh5 45. g4 Bf7 (45...
Be8 46. Ra2 $1) 46. dxc6 bxc6 47. Rd2 {Ribli} 1-0

[Event "RUS-ch"]
[Site "Elista"]
[Date "1995.??.??"]
[Round "4"]
[White "Ibragimov, Ildar"]
[Black "Kalegin, Evgenij"]
[Result "1-0"]
[WhiteElo "2580"]
[BlackElo "2475"]
[Annotator "Ribli,Z"]
[PlyCount "49"]
[EventDate "1995.10.??"]
[EventType "swiss"]
[EventRounds "11"]
[EventCountry "RUS"]
[SourceTitle "CBM 050"]
[Source "ChessBase"]
[SourceDate "1996.02.01"]
[SourceVersion "1"]
[SourceVersionDate "1996.02.01"]
[SourceQuality "1"]

1. c4 e5 2. Nc3 Nc6 3. g3 g6 4. Bg2 Bg7 5. Rb1 a5 6. d3 Nf6 7. Nf3 O-O 8. O-O
d6 9. Bg5 $5 {Vor einigen Jahren spielte der schwedische weltklasse Spieler
Ulf Andersson hier 9.a3 Re8 10.Bg5 sehr erfolgreich. Jetzt spielen aber fast
alle nach 9.a3 h6, deswegen benutzen einige Spieler sofort den Partiezug.} h6
10. Bxf6 Bxf6 11. a3 Bg7 (11... Be6 12. Nd2 Bg7 13. Nd5 $1 (13. b4 $2 {Ein
bekannter Fehler} axb4 14. axb4 e4 $1 $15) 13... Nd4 14. e3 Nf5 15. b4 c6 16.
Nc3 axb4 17. axb4 d5 18. Na4 $14 {Rotstein,A-Blees,A/Paris/1992/INF55,31/}) 12.
b4 axb4 13. axb4 Nd4 (13... f5 14. b5 Ne7 15. Nd5 $5 (15. Nd2 e4 $5 {Jetzt ist
dieser Zug nicht so tragisch fuer Weiss, weil der schwarze Springer nicht auf
c6 steht.} 16. Qc2 exd3 17. Qxd3 f4 18. Nd5 Nxd5 19. cxd5 Ra2 $13 {Nesterov,
J-Fedorov,A/Moscow5/1995/CBM49/}) 15... Nxd5 16. cxd5 Kh7 17. Qc2 g5 18. Rfc1
Rf7 19. Nd2 f4 $6 20. b6 $1 cxb6 21. Nc4 $36 {Mishuchkov,N-Drozdov,I/St.
Petersburg/1992/CBM29/}) 14. b5 c6 15. Nxd4 exd4 16. Ne4 d5 17. bxc6 bxc6 18.
cxd5 $1 {Eine logische Fortsetzung.} (18. Nd2 $6 Be6 19. cxd5 cxd5 20. Rb5 Ra2
21. Nb1 Qe8 $15 {Johansen,D-Skembris,S/Moscow ol/1944/EXP44/INF62,24/}) 18...
cxd5 19. Nc5 Ra5 $6 (19... Ra3 $5 20. Rb3 (20. Qd2 $5) 20... Ra2 {<=> Skembris}
21. Bf3 $5 Bh3 22. Qb1 $1 Qa5 23. Nb7 $13) 20. Nb7 Bxb7 21. Rxb7 $14 {Genau
steht diese Stellung in Klammmern INF 62/24 mit weissem Vorteil. Eine
interessante Frage ist ob der Nachziehende es nicht wusste oder glaubte.} Qd6
22. Qb3 Rfa8 $6 {Diese Verdoppelung ist sinnlos. Schwarz sollte die andere
freie Linie besetzen} (22... Rc8 $5) 23. Bf3 $1 {Dieser Zug hat zwei Vorteile:
1.Er deckt den e2-Bauern. 2.Er macht mehr Platz fuer seinen Koenig.} Rc5 $2 {
Der Nachziende besetz jetzt die andere freie Linie, aber wie ?} (23... Rc8 $5)
24. Rb1 $2 (24. Rxf7 $1 Rb8 25. Rb7 $18) 24... Be5 $2 {Schwarz sieht nicht was
droht!} (24... Rac8 $5) 25. Rxf7 $1 {Na endlich! Der Nachziehende verliert
seinen wichtigsten Bauern und es gibt keine Lust die weitere Pruegeln zu
kriegen. Das ist der einzige Zug, was ich in dieser Partie von Schwarz
verstehe. Ribli} (25. Rxf7 $1 Kxf7 26. Qb7+ Kf6 27. Qxa8 $18) 1-0

[Event "Cutro 07th"]
[Site "Cutro"]
[Date "2001.04.24"]
[Round "3"]
[White "Georgiev, Vladimir"]
[Black "Drasko, Milan"]
[Result "1-0"]
[WhiteElo "2592"]
[BlackElo "2521"]
[Annotator "Ribli,Z"]
[PlyCount "59"]
[EventDate "2001.04.22"]
[EventType "tourn"]
[EventRounds "10"]
[EventCountry "ITA"]
[EventCategory "9"]
[SourceTitle "CBM 083"]
[Source "ChessBase"]
[SourceDate "2001.07.05"]
[SourceVersion "1"]
[SourceVersionDate "2001.07.05"]
[SourceQuality "1"]

1. c4 {Kostakiev,D} e5 2. g3 Nc6 3. Bg2 g6 4. Nc3 Bg7 5. Rb1 {Weiß möchte nach
Möglichkeit schnell b2-b4 ziehen, mit aktivem Spiel am Damenflügel.} a5 {
Schwarz unterbindet das sofortige b4. Im Falle von a3 und späterem b4 bekommt
er nach axb4-axb4 die Kontrolle über die a-Linie.} 6. Nf3 d6 7. O-O Nge7 $6 {
Dieser Springerzug scheint mir etwas unplausibel - wenn Weiß in der Folge a3
und b4, gefolgt von b4-b5 spielt, verliert der Nc6 sein natürliches
Rückzugsfeld auf e7.} (7... f5) (7... Nf6) 8. a3 Be6 9. d3 h6 {Die
positionelle Drohung von Weiß ist 10.b4 nebst 11. b5 mit Raumgewinn am
Damenflügel. Für diesen Fall möchte Schwarz Qd7 und Nd8 vorbereiten, aber
dafür muss er sich zunächst gegen Ng5 verteidigen.} (9... O-O 10. Bd2 h6 (10...
Bg4 $11 {Kostakiev,D}) 11. b4 axb4 12. axb4 Qd7 13. b5 Nd8 14. Qc2 f5 15. Rfc1
g5 16. Nd5 Ng6 17. Ne1 Qf7 18. Bb4 Rc8 19. Ra1 Kh8 20. Nc3 Ne7 21. Qd2 g4 {
0-1 Louis,V-Eiber,M/Stetten 1988/EXT 97 (36)}) 10. b4 {'+/=' Kostakiev,D.} axb4
11. axb4 Qd7 {'?!' Kostakiev,D.} (11... d5 $1 $11 {Kostakiev,D}) 12. b5 Nd8 13.
Qb3 c6 {Mit diesem Zug unterbindet Schwarz das mögliche Nd5, gleichzeitig aber
schwächt er damit seinen Damenflügel.} (13... O-O 14. Ba3 (14. Nd5) 14... f5
15. Ne1 f4 16. Nc2 Kh8 17. Qb4 Bh3 18. c5 Bxg2 19. Kxg2 Nf7 20. cxd6 cxd6 21.
Ne4 {1-0 Bachmann,K-Haub,T/Germany 1992/TD (66)}) 14. Bb2 $14 {[%csl Rd8] Weiß
hat eine gesunde Stellung erreicht. Er übt positionellen Druck am Damenflügel
aus, während die schwarzen Figuren - insbesondere der Nd8 - etwas unnatürlich
platziert sind.} O-O 15. Ra1 {Weiß verschafft sich die Herrschaft über die
a-Linie. Es ist bemerkenswert, dass Schwarz 5..a5 mit der Idee spielte,
zumindest die Kontrolle über die a-Linie zu bekommen - jetzt ist es Weiß, der
diese einzige offene Linie beherrscht.} Rxa1 16. Rxa1 Nc8 17. Nd2 {[%cal Gg2b7]
[%mdl 32] Weiß öffnet die Diagonale des Bg2, der Springer strebt nun auch an
den Damenflügel.} f5 (17... Bh3 18. Bh1 $14 (18. bxc6 {Kostakiev,D} bxc6 19.
Ra8 Bxg2 20. Kxg2 Ne6 $11)) 18. bxc6 bxc6 19. Ra6 Rf7 $6 (19... Ne7 20. Qa4 $14
) (19... f4 20. Nde4 $14 {[%csl Ge4]}) 20. Nd5 $1 {[%csl Gd5][%mdl 64] Weiß
nutzt sofort das taktische Motiv aus, um seinen Springer nach b4 zu überführen.
Von hier aus nimmt er den Pc6 ins Visier.} Qb7 (20... cxd5 21. cxd5 $16 {
Weiß gewinnt die Figur zurück, und Schwarz bekommt eine Stellung mit
schrecklich schwachen weißen Feldern.}) 21. Nb4 Bd7 22. Qa3 {[%cal Ga3a8]} Bf8
{[%cal Gf8a3] Der Läufer greift indirekt den Nb4 an, es droht 23...d5.} 23. Bc3
Be8 {Ein interessantes Bild - nun stehen alle schwarzen Leichtfiguren wieder
auf der Grundreihe.} 24. Nb3 $16 {[%csl Rc6][%cal Gb3a5,Ga5c6] Alle sechs
weißen Figuren stehen aktiv. Es droht 25.Na5 mit Eroberung des Pc6.} Rc7 $2 {
Das ist ein mechanischer Zug - der Pc6 ist ohnehin nicht mehr zu halten. Von
daher wäre es besser, mit 24...Qc7 das Motiv 25.Na5 mit Tempo zu umgehen und
anschließend mit 25...e4 einen Bauern zu opfern.} (24... Qc7 25. Na5 e4 $5 {
Strategisch steht Schwarz auch hier schlecht, aber auf diese Weise kann er
wenigstens noch versuchen, im Trüben zu fischen.} 26. dxe4 f4 $16) 25. Na5 Qb8
26. Naxc6 Nxc6 27. Bd5+ $1 {Ein wichtiger Zwischenzug - der schwarze König
muss zur Seite gehen, wodurch die Königsstellung weiter geschwächt wird.} Kh8 (
27... Kh7 28. Nxc6 $16) 28. Nxc6 Qb1+ 29. Kg2 Nb6 (29... Bg7 30. Qa5 Rd7 31.
Ra8 $18) 30. Bxe5+ $1 $18 {Das auch noch! Jetzt wird die Idee des Zuges 27.
Bd5+ offenbar - da der Bf8 nicht mehr verteidigt ist, verliert Schwarz
weiteres Material.} 1-0

[Event "RUS-ch"]
[Site "Elista"]
[Date "1995.??.??"]
[Round "5"]
[White "Sher, Miron Naumovich"]
[Black "Sotnikov, Igor"]
[Result "1-0"]
[WhiteElo "2510"]
[BlackElo "2445"]
[Annotator "Ribli,Z"]
[PlyCount "139"]
[EventDate "1995.10.??"]
[EventType "swiss"]
[EventRounds "11"]
[EventCountry "RUS"]
[SourceTitle "CBM 050"]
[Source "ChessBase"]
[SourceDate "1996.02.01"]
[SourceVersion "1"]
[SourceVersionDate "1996.02.01"]
[SourceQuality "1"]

1. c4 g6 2. g3 Bg7 3. Bg2 e5 4. Nc3 Nc6 5. Rb1 f5 6. d3 Nf6 7. b4 O-O 8. b5 Ne7
9. e4 {Eine interessante neue Idee.} (9. Qb3 Kh8 10. e3 c6 (10... d6 $5 11.
Nge2 g5 12. f4 gxf4 13. exf4 Ng6 14. O-O a6 15. a4 Qe7 $13 {Goldin,A-Yusupov,A/
Tilburg/1992/CBM32/}) 11. Nge2 d5 12. bxc6 bxc6 13. cxd5 cxd5 14. Ba3 $36 {
Azmayparashvili,Z-Rotstein,A/Wijk op/1993/CBM34/}) 9... c5 10. Nge2 (10. bxc6
bxc6 11. Nge2 d6 12. Ba3 Be6 13. O-O Qd7 14. Qa4 Rfb8 $13) 10... d6 11. O-O Rb8
12. Bg5 $5 {Weiss gibt seinen schwarzfeldrigen Laeufer, aber dafuer herrscht
er die weis- sen Felder.} h6 13. Bxf6 Bxf6 14. exf5 Bxf5 (14... gxf5 15. Qd2
Bg7 16. f4 $14) 15. Nd5 Nxd5 16. Bxd5+ Kg7 17. Nc3 Qd7 18. Be4 $14 {Weiss
steht guenstiger, weil seiner Springer besser als der f6-Laeufer ist.} Bg4 19.
f3 Bh3 20. Re1 h5 21. Qe2 Bg5 22. a4 Rh8 23. a5 Rbf8 24. Ra1 Be6 25. Bd5 Bf5
26. Ra2 Rh6 27. Be4 Bd8 28. Qe3 Bh3 29. a6 $1 b6 30. Rf2 Rhh8 31. Kh1 Bf6 32.
Rc2 Qd8 33. Qe2 Bd7 34. Bd5 h4 $6 {In einer etwas unbequemen Stellung verliert
Schwarz die Geduld. Besser waere >= 34...Bf5.} 35. g4 h3 $6 {Mit diesem Zug
schwaecht Schwarz nur seinen Bauern.} 36. Ne4 Bh4 37. Rg1 Qe7 38. Nc3 Bg5 39.
Ra2 Rf4 40. Be4 Qd8 41. Nd5 Rf7 42. Raa1 Be6 43. Nc3 Rf4 (43... Rh6 $5) 44. Rg3
Bh4 $2 {Ein optimistisches, aber wohl nicht ganz korrektes Bauernopfer.} (44...
Rff8 $1 $13 45. Qf1 $2 Bf4 46. Rxh3 $2 Rxh3 47. Qxh3 Rh8 $19) 45. Rxh3 Rff8 46.
Bd5 Bc8 47. Ne4 Bg5 48. Rxh8 Rxh8 49. Kg2 Bf4 50. Rh1 Bg5 (50... Qh4 51. h3 $16
{Ungefaehr wie die Partie.}) 51. h3 Bf4 52. Kf1 Rh4 53. Qf2 g5 (53... Qh8 54.
Kg2 Qd8 55. Nxd6 $18) 54. Ke2 Kf8 55. Kf1 Ke7 56. Qe2 Qf8 57. Kg2 Rh8 58. Nc3
$1 Kd8 59. Be4 Be6 60. Bg6 $1 {Weiss befindet sich auf der Siegerstrasse,
einerseits wegen seines Mehrbauern, andererseits auch deshalb, weil der
gegnerische Koenig sehr unsicher steht.} Ke7 61. Qe4 $1 Qa8 62. Qb7+ Kf6 (62...
Qxb7 63. axb7 Rb8 64. Be4 $18) 63. Be4 Qb8 64. h4 $1 gxh4 65. Rxh4 Qg8 66. Rh7
$1 Rxh7 67. Bxh7 {Droht /\ Ne4 matt.} Qf7 68. Ne4+ Kg7 69. Nxd6 Qd7 70. Bf5 {
Ribli} 1-0

[Event "GER-ch"]
[Site "Bad Neuenahr"]
[Date "1991.??.??"]
[Round "14"]
[White "Hickl, Joerg"]
[Black "Volke, Karsten"]
[Result "1/2-1/2"]
[WhiteElo "2480"]
[BlackElo "2395"]
[Annotator "Ribli,Z"]
[PlyCount "77"]
[EventDate "1991.06.??"]
[EventType "tourn"]
[EventRounds "15"]
[EventCountry "GER"]
[EventCategory "7"]
[SourceTitle "CBM 024"]
[Source "ChessBase"]
[SourceDate "1991.10.01"]
[SourceVersion "1"]
[SourceVersionDate "1991.10.01"]
[SourceQuality "1"]

1. g3 g6 2. Bg2 Bg7 3. c4 Nf6 4. Nc3 d6 5. d3 O-O 6. Nf3 Nc6 7. Rb1 a5 8. O-O
e5 9. a3 h6 10. b4 axb4 11. axb4 Be6 12. b5 Ne7 13. Bb2 Qd7 (13... Rb8 $6 14.
Qc2 b6 15. Na2 Qd7 16. Nb4 Bh3 17. Rfd1 Bxg2 18. Kxg2 Nh5 19. d4 $1 exd4 20.
Nxd4 f5 21. Nd5 $14 {Vaganian,R-Zukharisingh,R Moscow op 1990 EXP/19}) 14. Nd2
(14. Qb3 Bh3 15. Ra1 Nh5 16. Rfc1 Bxg2 17. Kxg2 f5 $13 {Bosboom,M-Piket,Je
NLD-ch 1990 CBM/19}) 14... Rab8 15. Re1 Bh3 16. Bh1 Ng4 17. Qb3 (17. Ra1 f5 18.
Nd5 g5 19. Ra7 $2 Nc8 20. Ra2 c6 21. Nc3 Ne7 22. Qc2 Kh8 23. Rea1 f4 $17 {
Mednis-Zapata Amsterdam 1986 42/28}) 17... Kh7 18. Nd1 $5 (18. Nd5 f5 19. Ra1
f4 20. Ne4 Nxd5 21. cxd5 c5 22. Bf3 Nf6 $13 {Fedorowicz,J-Piket,Je Groningen
1990 CBM/21}) 18... Nf6 19. Ra1 Nh5 20. e3 Be6 21. d4 f5 22. Nf3 e4 23. d5 Bg8
24. Bxg7 Nxg7 25. Nd4 c5 $1 26. bxc6 bxc6 27. Qa4 Ra8 28. Qxa8 Rxa8 29. Rxa8
Qb7 30. Ra1 Qb4 $1 31. Re2 c5 32. Nc2 Qxc4 33. Rd2 Nxd5 34. Bg2 Qb3 35. Bf1 Nc7
36. Ne1 Qb4 37. Re2 d5 38. Ng2 Qb6 39. Rb2 $15 1/2-1/2

[Event "Cutro 05th"]
[Site "Cutro"]
[Date "1999.04.24"]
[Round "2"]
[White "Pegorari, Pietro"]
[Black "Georgiev, Krum"]
[Result "1-0"]
[WhiteElo "2385"]
[BlackElo "2490"]
[Annotator "Ribli,Z"]
[PlyCount "61"]
[EventDate "1999.04.??"]
[EventType "tourn"]
[EventRounds "11"]
[EventCountry "ITA"]
[EventCategory "10"]
[SourceTitle "CBM 071"]
[Source "ChessBase"]
[SourceDate "1999.08.01"]
[SourceVersion "1"]
[SourceVersionDate "1999.08.01"]
[SourceQuality "1"]

{[%mdl 10240]} 1. Nf3 g6 {Der Zug 1...g6 ist theoretisch relativ gut nach 1.
Nf3. Weiß kann jetzt keine Varianten mit f2-f3 (z.B. Sämisch Variante gegen
die Königsindische Verteidigung) oder f2-f4 spielen. Ribli.} 2. c4 Bg7 3. Nc3
d6 4. g3 e5 5. Bg2 Nc6 {Es ist eine geschlossene Sizilianischstellung mit
vertauschten Farben entstanden.} 6. d3 f5 7. O-O Nh6 {Dieser unnatürliche Zug
gefällt mir weniger als das normale 7...Nf6.} (7... Nf6 $5) 8. Bg5 Qd7 9. Nd5
Nf7 (9... O-O 10. b4 (10. Qd2 Ng4 $13) 10... Kh8 11. b5 Nd8 12. Qc1 Ng8 13. Bd2
c6 14. bxc6 bxc6 15. Nc3 Ne6 16. Rb1 h6 17. e3 g5 18. Ne2 Ne7 19. Rd1 Ng6 20.
Ne1 f4 21. Be4 {1-0 Boehm,T-Steiner,B/AUT 1997/EXT 99 (42)}) 10. Bf6 (10. Nf6+
Bxf6 11. Bxf6 {Weiß besitzt das Läuferpaar, aber der f6-Läufer steht in
Wirklichkeit schlecht.} O-O 12. Ng5 $2 h6 13. Nxf7 Kxf7 $19 {[%csl Rf6]} (13...
Qxf7 14. Bd5 Be6 $19 {[%csl Rf6]})) 10... Kf8 11. d4 Bxf6 12. Nxf6 {Wegen der
geschlossenen Stellung ist der weiße Vorteil minimal, obwohl Schwarz nicht
mehr rochieren kann.} Qd8 13. Nd5 Be6 (13... exd4 $6 14. Nxd4 $14) 14. Ne3 $14
{[%cal Rd4d5,Rd5e6,Rd5c6] Weiß hat Zentrumsvorteil.} Ne7 15. h4 {Ich denke mit
normalen positionellen Zügen hätte der Weiße hier bessere Chancen als mit
dieser extravaganten Fortsetzung.} (15. Qc2 $5 $14) (15. Qb3 $5 $14) 15... e4
16. Ng5 $13 Nxg5 17. d5 $5 {Ein interessanter Zwischenzug.} (17. hxg5 d5 $11 (
17... h6 $13)) 17... c5 $5 {Schwarz verhindert die mögliche Besetzung des
Feldes d4.} (17... Bxd5 18. cxd5 Nf7 19. Qb3 b6 20. f3 $44 {[%csl Rf8][%cal
Gf1f8]}) 18. hxg5 (18. dxe6 Nxe6 19. f3 exf3 20. Bxf3 Nd4 $15 {[%csl Gd4]})
18... Bf7 19. Qc1 {[%cal Gc1c3,Gc3h8] Weiß bereitet 20.Qc3 vor.} Qa5 {Schwarz
möchte 20.Qc3 nicht zulassen, aber Weiß kann seine Dame später mit b2-b3 in
die lange Diagonale bringen.} (19... h6 20. Qc3 Kg8 $5 $11) 20. f3 $36 exf3 21.
Rxf3 {[%cal Gf3f8,Gg3g4]} Kg7 22. b3 {[%cal Gc1b2,Gb2g7] Der Verteidigungszug
19...Qa5 war nicht effektiv. Weiß erlangt jetzt doch Kontrolle über die lange
Diagonale.} Rhf8 23. Qb2+ $14 Kg8 24. Qf6 {[%csl Gf6]} Qc7 25. Rf4 Qd7 (25...
Be8 26. Qc3 $14) (25... Bxd5 $4 26. Nxd5 $18 (26. Bxd5+ Nxd5 27. Nxd5 $18)) 26.
Qc3 {Weiß spielt diesen Zug automatisch, aber Schwarz hat keine Drohungen
gegen die Dame auf f6.} (26. Kf2 $5 Bxd5 $4 27. Nxd5 Rxf6 28. Nxf6+ {[%cal
Rf6d7,Rf6g8]}) 26... Rae8 27. Kf2 {[%cal Ga1h1,Gf4h4,Gh1h7]} Nc8 {Der schwarze
Springer steht auf c8 nicht gut, aber er öffnet die e-Linie.} 28. Rh1 Qe7 $4 {
Ein schwerer Fehler! Schwarz übersieht eine schöne Kombination des Weißen.} (
28... Re5 {Auf diese Weise macht Schwarz dem Läufer das Feld e8 frei und
schließt die lange Diagonale.} 29. Rfh4 Be8 {[%cal Gd7h7]} 30. Rxh7 Qxh7 31.
Rxh7 Kxh7 32. Bf3 $14) {[#]} 29. Rxh7 $1 {[%csl Rg8] Ein schönes Opfer, das
für Schwarz unerwartet kommt.} Qxe3+ $8 (29... Kxh7 30. Rh4+ Kg8 31. Rh8#) 30.
Qxe3 Rxe3 31. Rfh4 $1 $18 {[%csl Rg8] Schwarz besitz eine Mehrfigur, kann aber
seinen König nicht mehr aus dem Mattnetz befreien. Er gab daher auf.} (31. Rxf7
$2 Rxe2+ 32. Kxe2 Rxf7 $11) (31. Rfh4 Rxe2+ 32. Kxe2 Re8+ 33. Kf3 Kf8 34. g4
$18 {Vielleicht kann Schwarz hier noch weiterspielen, aber seine Stellung ist
verloren.}) 1-0

[Event "Hoogovens op"]
[Site "Wijk aan Zee"]
[Date "1993.01.??"]
[Round "7"]
[White "Azmaiparashvili, Zurab"]
[Black "Rotstein, Arkadij"]
[Result "1-0"]
[WhiteElo "2655"]
[BlackElo "2465"]
[Annotator "Ribli,Z"]
[PlyCount "55"]
[EventDate "1993.01.??"]
[EventType "swiss"]
[EventRounds "12"]
[EventCountry "NED"]
[SourceTitle "CBM 034"]
[Source "ChessBase"]
[SourceDate "1993.06.01"]
[SourceVersion "1"]
[SourceVersionDate "1993.06.01"]
[SourceQuality "1"]

1. c4 e5 2. Nc3 Nc6 3. g3 g6 4. Rb1 Bg7 5. b4 f5 6. Bg2 Nf6 7. d3 O-O 8. b5 (8.
Nf3 d6 9. O-O h6 10. Ne1 $13 {Pribyl,J-Taimanov,M Leningrad II 1989 CBM/15}) (
8. e3 Kh8 9. Nge2 d6 10. O-O a6 11. a4 g5 12. b5 axb5 13. axb5 Ne7 14. f4 gxf4
15. exf4 Ng6 $13 {Gelfand,B-Yusupov,A Beograd 1991 CBM/27}) 8... Ne7 (8... Nd4
$5 9. e3 Ne6 $13) 9. Qb3 Kh8 10. e3 c6 $6 (10... d6 11. Nge2 g5 $13) 11. Nge2
d5 12. bxc6 bxc6 13. cxd5 cxd5 14. Ba3 $1 $14 e4 15. dxe4 dxe4 16. O-O Re8 17.
Rfd1 Qa5 18. Bb4 Qe5 19. Nf4 Nc6 20. Bd6 Qa5 21. Nb5 $16 Ba6 22. Nc7 Rab8 23.
Qc2 Rxb1 24. Rxb1 Rb8 25. Rxb8+ Nxb8 26. Nxa6 Nxa6 27. Qc8+ Ng8 28. Bf1 1-0

[Event "Hoogovens op"]
[Site "Wijk aan Zee"]
[Date "1993.01.??"]
[Round "8"]
[White "Rotstein, Arkadij"]
[Black "Reinderman, Dimitri"]
[Result "0-1"]
[WhiteElo "2465"]
[BlackElo "2415"]
[Annotator "Ribli,Z"]
[PlyCount "64"]
[EventDate "1993.01.??"]
[EventType "swiss"]
[EventRounds "12"]
[EventCountry "NED"]
[SourceTitle "CBM 034"]
[Source "ChessBase"]
[SourceDate "1993.06.01"]
[SourceVersion "1"]
[SourceVersionDate "1993.06.01"]
[SourceQuality "1"]

1. Nf3 Nf6 2. c4 g6 3. g3 Bg7 4. Bg2 O-O 5. Nc3 d6 6. O-O Nc6 7. d3 h6 8. Rb1
a5 9. a3 e5 10. b4 axb4 11. axb4 Be6 12. Nd2 $6 (12. b5 $1 Ne7 13. Bb2 Qd7 14.
Re1 Bh3 15. Bh1 Ng4 16. Qb3 $1 Kh8 17. Nd5 Nxd5 18. cxd5 b6 19. Qc4 f5 20. Rec1
Rac8 21. Ra1 f4 22. Ra7 Rf7 23. Bg2 $14 {Vaganian,R-Wahls,M GER-CupT f 1992
CBM/29}) 12... d5 13. b5 Ne7 14. Qb3 Re8 $1 (14... c6 15. Ba3 Re8 16. bxc6 bxc6
17. Bc5 Nf5 18. Bb6 Qd6 19. Na4 Nd7 20. e4 Nxb6 21. Nxb6 Nd4 22. Qd1 dxc4 23.
Ndxc4 Bxc4 24. Nxc4 Qc7 25. Qd2 Red8 $13 {Pribyl,M-Babula,V Brno/Morava-D 1992
EXP/24}) 15. Rd1 Kh7 16. Ba3 Nf5 $1 17. Nf3 (17. cxd5 Nd4 $15) 17... c6 18.
bxc6 bxc6 19. e4 (19. Nxe5 Nd4 20. Qb2 Ng4 21. Nxg4 Bxg4 $17) 19... Nd4 20.
Nxd4 exd4 21. Ne2 (21. cxd5 dxc3 22. dxe6 Rxa3 23. Qxa3 c2 $19) 21... dxe4 22.
dxe4 Bg4 23. Rxd4 (23. f3 Rxe4 24. fxe4 Bxe2 25. Rd2 d3 $44) 23... Qa5 24. Bb4
Qa7 $1 25. Rd2 Nxe4 26. Bxe4 Rxe4 $17 27. Nc3 Ree8 28. Bd6 Qa5 29. Bb4 Qf5 30.
Rc1 Bf3 31. Nb1 Rab8 32. Qa3 Rxb4 0-1

[Event "Altensteig"]
[Site "Altensteig"]
[Date "1990.??.??"]
[Round "1"]
[White "Smejkal, Jan"]
[Black "Schlosser, Philipp"]
[Result "0-1"]
[WhiteElo "2545"]
[BlackElo "2455"]
[Annotator "Ribli,Z"]
[PlyCount "74"]
[EventDate "1990.07.??"]
[EventType "tourn"]
[EventRounds "11"]
[EventCountry "GER"]
[EventCategory "9"]
[SourceTitle "CBM 020"]
[Source "ChessBase"]
[SourceDate "1991.02.01"]
[SourceVersion "1"]
[SourceVersionDate "1991.02.01"]
[SourceQuality "1"]

1. c4 f5 2. g3 Nf6 3. Bg2 g6 4. Nc3 Bg7 5. d3 d6 6. e4 Nc6 7. Nge2 O-O 8. O-O
Kh8 (8... e5 9. Nd5 Ne7 {-> A 26 Makarichev,S-Yrjola,J Reykjavik Summit 1990
CBM/18}) 9. h3 e5 10. Be3 Be6 11. Nd5 Qd7 12. Kh2 Rae8 13. Qd2 a6 14. Rac1 Bg8
15. Bg5 (15. b3 $5) 15... Nh5 16. exf5 gxf5 17. f4 Nf6 18. Nxf6 Bxf6 19. Bxf6+
Rxf6 20. d4 e4 21. d5 Nb8 22. Qc3 Qg7 23. g4 fxg4 24. hxg4 Nd7 25. g5 Rff8 26.
Qxg7+ Kxg7 27. Ng3 e3 28. Rce1 b5 $1 29. b3 bxc4 30. bxc4 h6 31. Bh3 Nb6 32.
gxh6+ Kh7 (32... Kxh6 33. Nf5+ Kh7 34. Nxe3) 33. Bg2 Kxh6 34. Be4 Nxc4 35. Kg1
Nd2 36. Nf5+ Rxf5 37. Bxf5 Bxd5 0-1